| Tag |
First Indicator |
Second Indicator |
Subfields |
| LEADER |
00000cam a2200000 a 4500 |
| 001 |
in00002000701 |
| 005 |
20151031123019.0 |
| 008 |
990909s1998 enk 000 0 eng c |
| 020 |
|
|
|a 1891294997
|
| 035 |
|
|
|a (OCoLC)ocm42965538
|
| 040 |
|
|
|a CGU
|c CGU
|d TXA
|d UtOrBLW
|
| 041 |
1 |
|
|a eng
|h ara
|
| 042 |
|
|
|a pcc
|
| 049 |
|
|
|a TXAM
|
| 050 |
|
4 |
|a BP193.25
|b .M3913 1998
|
| 100 |
1 |
|
|a Mufīd, Muḥammad ibn Muḥammad,
|d -1022.
|
| 240 |
1 |
0 |
|a Amālī.
|l English
|
| 245 |
1 |
3 |
|a al-Amaali :
|b the dictations of Sheikh al-Mufid /
|c translated by Asgharali M.M. Jaffer.
|
| 264 |
|
1 |
|a Stanmore, Middlesex :
|b The World Federation of Khoja Shia Ithna-Aheri Muslim Communities,
|c 1998.
|
| 300 |
|
|
|a 328 pages ;
|c 23 cm.
|
| 336 |
|
|
|a text
|b txt
|2 rdacontent
|
| 337 |
|
|
|a unmediated
|b n
|2 rdamedia
|
| 338 |
|
|
|a volume
|b nc
|2 rdacarrier
|
| 650 |
|
0 |
|a Hadith (Shiites)
|v Early works to 1800.
|
| 948 |
|
|
|a cataloged
|b h
|c 2004/12/13
|d c
|e jgreene
|f 3:37:38 pm
|
| 994 |
|
|
|a E0
|b TXA
|
| 999 |
|
|
|a MARS
|
| 999 |
f |
f |
|s 577f66ec-1488-3bf3-ba8d-2be4be67410e
|i 008ae538-8dab-3333-bc33-da5e9c9e2f5e
|t 0
|
| 952 |
f |
f |
|p ric
|a Texas A&M University
|b Rellis Campus
|c Joint Library Facility
|d Remote Storage
|t 0
|e BP193.25 .M3913 1998
|h Library of Congress classification
|i unmediated -- volume
|m A14831690665
|
| 998 |
f |
f |
|a BP193.25 .M3913 1998
|t 0
|l Remote Storage
|